000 00778nam a2200229Ia 4500
999 _c1490
_d1490
007 ta
008 190719t2009 xxkab||g||||||||| ||und||
020 _a9780707719269
040 _aKO
_beng
041 0 _aeng
082 0 4 _a623.8932
_bUn314 V.3(1)
_223
110 _aGreat Britain.
_bHydrographic Office
245 0 _aAdmiralty List of Radio Signals, Vol.3, Part.1, 2009/10 :
_bmaritime safety information services (Europe, Africa and Asia excluding the far East) /
_cUnited Kingdom Hydrographic Office
250 _a2009/10 ed.
260 _aTaunton :
_bUnited Kingdom Hydrographic Office ,
_c2009.
300 _axxvi, 291 p. :
_bcol. ill., maps ;
_c30 cm.
490 _aNP 283 (1)
650 _aDistress signals
904 _aA_BOSE
942 _2ddc
_cBK